|
|
|
|
| LEADER |
00987cam a2200277 a 4500 |
| 001 |
0000072784 |
| 005 |
20070205090000.0 |
| 040 |
|
|
|a mod
|
| 041 |
|
|
|a eng
|
| 020 |
0 |
0 |
|a 0787953598
|
| 090 |
0 |
0 |
|a 658.4092
|b LEA
|e 2002
|
| 245 |
1 |
0 |
|a Leading for innovation and organizing for results
|c editor Frances Hesselbein, Marshall Goldsmith, Iain Somerville
|
| 260 |
0 |
0 |
|a San Francisco
|b Jossey-Bass
|c 2002
|
| 300 |
0 |
0 |
|a 299 p.
|b ill.
|c 24 cm
|
| 440 |
0 |
0 |
|a Drucker foundation wisdom to action series
|
| 500 |
0 |
0 |
|a Includes index
|
| 650 |
0 |
0 |
|a Leadership
|
| 650 |
0 |
0 |
|a Technological innovations.
|
| 650 |
0 |
0 |
|a Organizational change
|
| 700 |
1 |
1 |
|a Hesselbein
|h Frances
|
| 700 |
1 |
1 |
|a Somerville
|h Iain
|
| 700 |
1 |
1 |
|a Goldsmith
|h Marshall
|
| 852 |
0 |
0 |
|a 01
|
| 999 |
|
|
|a 0226786
|b PUSTAKMAR
|d BOOKS
|e Umum
|f PUSTAKMAR
|j AVAILABLE
|q GOOD CONDITION
|
| 999 |
|
|
|a 0228862
|b PUSTAKMAR
|d BOOKS
|e Umum
|f PUSTAKMAR
|j AVAILABLE
|q GOOD CONDITION
|
| 999 |
|
|
|a 0249166
|b KEMENTAH
|d BOOKS
|e Umum
|f Perpustakaan KEMENTAH
|j AVAILABLE
|q GOOD CONDITION
|